| 000 | 00583nam a2200169 4500 | ||
|---|---|---|---|
| 999 |
_c430 _d430 |
||
| 008 | 151203b xxu||||| |||| 00| 0 eng d | ||
| 020 | _a9780521182942 | ||
| 082 |
_2c2011 _aDC 540 _bOw97 |
||
| 100 |
_91077 _aOwen, Steve |
||
| 245 |
_aChemistry for the IB diploma/ _cSteve Owen, Caroline Ahmed, Chris Martin & Roger Woodward |
||
| 260 |
_aCambridge: _bCmbridge University Press, _cc2011 |
||
| 300 |
_avi, 538 pages: _billustrations; _c28 cm. _eCD-ROM |
||
| 500 | _aIncludes appendix, glossary and index. | ||
| 650 | 0 |
_91082 _aChemistry |
|
| 700 |
_91080 _aWoodward, Roger |
||
| 942 |
_2ddc _cDC |
||